សុវុឌ្ឍីកម្មរោងចក្រអារឈើព្រែកព្នៅ (Record no. 2885)

000 -LEADER
fixed length control field 00473nam a22001577a 4500
003 - CONTROL NUMBER IDENTIFIER
control field OSt
005 - DATE AND TIME OF LATEST TRANSACTION
control field 20151101083520.0
008 - FIXED-LENGTH DATA ELEMENTS--GENERAL INFORMATION
fixed length control field 151101b xxu||||| |||| 00| 0 eng d
040 ## - CATALOGING SOURCE
Transcribing agency RUA
082 ## - DEWEY DECIMAL CLASSIFICATION NUMBER
Classification number FOR លឹម 1989 B115 Or.1
100 ## - MAIN ENTRY--PERSONAL NAME
9 (RLIN) 3096
Personal name លឹម រស់
245 ## - TITLE STATEMENT
Title សុវុឌ្ឍីកម្មរោងចក្រអារឈើព្រែកព្នៅ
260 ## - PUBLICATION, DISTRIBUTION, ETC. (IMPRINT)
Place of publication, distribution, etc. Phnopm Penh
Name of publisher, distributor, etc. RUA
Date of publication, distribution, etc. 1989
300 ## - PHYSICAL DESCRIPTION
Extent 116p.
Other physical details ill.
Dimensions 29cm.
942 ## - ADDED ENTRY ELEMENTS (KOHA)
Source of classification or shelving scheme
Koha item type FIS
Holdings
Price effective from Date last seen Permanent Location Not for loan Date acquired Source of classification or shelving scheme Koha item type Barcode Lost status Damaged status Withdrawn status Current Location Full call number
2015-11-012015-11-01Library Block B 2015-11-01 FISRUA007527   Library Block BFOR លឹម 1989 B115 Or.1
មជ្ឈមណ្ឌលឯការនៃសាកលវិទ្យាល័យភូមិន្ទកសិកម្មចំការដូង

Powered by Koha